Basic English adjectives (qualifiers) - Statistics

General Stats
  • This quiz has been taken 92 times
    51 since last reset
  • The average score is 27 of 158
Answer Stats
Typical % Correct
good
82%
bad
79%
small
70%
short
58%
tall
55%
black
52%
happy
52%
sad
52%
long
48%
red
48%
old
45%
white
45%
blue
42%
green
42%
high
42%
fat
39%
hard
39%
soft
39%
yellow
39%
angry
36%
beautiful
36%
cold
36%
great
36%
low
36%
thin
36%
warm
36%
dark
33%
new
33%
right
33%
slow
33%
strong
33%
brown
30%
wide
30%
young
30%
clean
27%
dirty
27%
dry
27%
grey/gray
27%
last
27%
open
27%
wrong
27%
first
24%
rough
24%
wet
24%
kind
21%
narrow
21%
quick
21%
thick
21%
bright
18%
clear
18%
free
18%
left
18%
poor
18%
early
15%
late
15%
loud
15%
quiet
15%
smooth
15%
cheap
12%
dear
12%
female
12%
full
12%
like
12%
male
12%
normal
12%
round
12%
second
12%
strange
12%
sweet
12%
wise
12%
acid
9%
bitter
9%
broken
9%
cut
9%
dead
9%
deep
9%
different
9%
false
9%
flat
9%
ill
9%
past
9%
safe
9%
same
9%
solid
9%
straight
9%
tired
9%
true
9%
able
6%
awake
6%
cruel
6%
fixed
6%
healthy
6%
hollow
6%
loose
6%
opposite
6%
public
6%
ready
6%
sharp
6%
shut
6%
automatic
3%
bent
3%
certain
3%
common
3%
complete
3%
complex
3%
feeble
3%
foolish
3%
future
3%
important
3%
living
3%
married
3%
present
3%
private
3%
regular
3%
secret
3%
simple
3%
violent
3%
boiling
0%
chemical
0%
chief
0%
conscious
0%
delicate
0%
dependent
0%
elastic
0%
electric
0%
equal
0%
fertile
0%
frequent
0%
general
0%
hanging
0%
material
0%
medical
0%
military
0%
mixed
0%
natural
0%
necessary
0%
parallel
0%
physical
0%
political
0%
possible
0%
probable
0%
responsible
0%
separate
0%
serious
0%
special
0%
sticky
0%
stiff
0%
sudden
0%
tight
0%
waiting
0%
No matching quizzes found
Score Distribution
Percent of People with Each Score
Percentile by Number Answered
Your Score History
You have not taken this quiz since the last reset